000 01121cam a2200301 i 4500
001 2424
003 FISKH
005 20250508142840.0
008 231205b cb ||||| |||| 00| 0 eng d
010 _a 79028394
020 _a0395291852
020 _a9780590446518
040 _aDLC
_beng
_erda
_cDLC
_dDLC
050 0 0 _aPZ7.O237
082 0 0 _a[Fic]
100 1 _aO'Dell, Scott,
_d1898-1989,
245 1 0 _aSarah Bishop /
_cScott O'Dell.
260 _aNew York :
_bScholastic,
_c1980.
300 _a230 pages :
_c18 cm
520 _aLeft alone after the deaths of her father and brother who take opposite sides in the War for Independence, and fleeing from the British who seek to arrest her, Sarah Bishop struggles to shape a new life for herself in the wilderness.
521 8 _a760
_bLexile
650 1 _aAmerican loyalists
_vFiction.
650 1 _aSurvival
_vFiction.
651 1 _aUnited States
_xHistory
_yRevolution, 1775-1783
_vFiction.
655 7 _aDust jackets (Binding)
_zMassachusetts
_zBoston
_y20th century.
_2rbbin
906 _a7
_bcbc
_corignew
_d1
_eocip
_f19
_gy-gencatlg
942 _2ddc
_cBK
_n0
999 _c2424
_d2424